000 01099nam a22002537a 4500
005 20170124103107.0
010 _aA-061029
020 _c00.00
035 _aA-061029
037 _bCen Lib/Ret
040 _aDPL
_bHN
082 _a954.01
_bउपाध्या
100 _aउपाध्याय, भगवतीशरण
_978707
245 _aबृहत्तर भारत /
_cभगवतीशरण उपाध्याय
246 _aBrihattar bharat /
_bby Bhagwatisharan Upadhyaya
260 _aदिल्ली
_bराजपाल एंड संस
270 _bदिल्ली
_aकश्मिरी गेट
_e110006
300 _a312पृ.
_c21सेमी (सजिल्द)
650 _aभूगोल--भारत
_978708
650 _aभौगोलिक स्थिति और सांस्कृतिक संक्रमण--भारत
_978709
650 _aGeography--India
_978710
650 _aGeographical and cultural transition--India
_978711
942 _2ddc
_cHN
_h954.01
_mउपाध्याय
999 _c118178
_d118178